International commercial arbitration (Registro nro. 323908)
[ vista simple ]
| 000 -ENCABEZADO | |
|---|---|
| Número de control [NR] | 00829nam a22002177a 4500 |
| 005 - FECHA Y HORA DE LA ÚLTIMA TRANSACCIÓN | |
| control field | 20240221110458.0 |
| 008 - DE LONGITUD FIJA DE DATOS DE ELEMENTOS - INFORMACIÓN GENERAL | |
| Elementos de longitud fija [NR] | 240221b ||||| |||| 00| 0 eng d |
| 020 ## - NUMERO INTERNACIONAL NORMALIZADO PARA LIBROS [R] | |
| Número Internacional Normalizado del libro [NR] | 0314230742 |
| 040 ## - FUENTE DE CATALOGACION [NR] | |
| Agencia de catalogación original [NR] | CO-BoUCM |
| Quien Cataloga | David Moreno |
| Quien Clasifica | David Moreno |
| 041 ## - CODIGO DE IDIOMA [R] | |
| Código de idioma para texto/pista de sonido o título separado [R] | Inglés |
| 100 1# - ASIENTO PRINCIPAL--NOMBRE PERSONAL [NR] | |
| Nombre personal [NR] | Varady, Tibor |
| Fechas asociadas con el nombre [NR] | 1939- |
| ID Autoridad | 180019 |
| 245 10 - MENCION DE TITULO [NR] | |
| Título [NR] | International commercial arbitration |
| Parte restante del título [NR] | a transnational perspective |
| Mención de responsabilidad, etc. [NR] | by Tibor Várady, John J. Barceló III, Arthur T. von Mehren. |
| 260 ## - PUBLICACION, DISTRIBUCION, ETC. (PIE DE IMPRENTA) [R] | |
| Lugar de publicación, distribución, etc. [R] | St. Paul, Minn |
| Nombre del editor, distribuidor, etc. [R] | West Group |
| Fecha de publicación, distribución, etc. [R] | 1999 |
| 300 ## - DESCRIPCION FISICA [R] | |
| Extensión [R] | xxvii, 818 Paginas |
| 490 ## - MENCION DE SERIE [R] | |
| Mención de serie [R] | American casebook series |
| 650 17 - ASIENTO SECUNDARIO DE MATERIA - TERMINO TEMATICO [R] | |
| Término temático o nombre geográfico como elemento de entrada [NR] | Arbitraje comercial internacional |
| Subdivisión de forma [R] | Casos |
| 9 (RLIN) | 180020 |
| 700 1# - ASIENTO SECUNDARIO - NOMBRE PERSONAL [R] | |
| Nombre personal [NR] | Barceló, John J. |
| Fechas asociadas con el nombre [NR] | 1940- |
| 9 (RLIN) | 180021 |
| 700 1# - ASIENTO SECUNDARIO - NOMBRE PERSONAL [R] | |
| Nombre personal [NR] | Von Mehren, Arthur Taylor |
| 9 (RLIN) | 180022 |
| 942 ## - ELEMENTOS DE ENTRADA AGREGADOS (KOHA) | |
| Sistema de clasificación | DEWEY |
| Tema principal | Derecho |
| Tipo de ítem principal el descrito en 300a | Libro |
| Edición | 1 |
| Clasificación | 341.522 |
| Parte restante de la signatura top. | V287i |
| Título oculto en OPAC | No |
| Fecha de último préstamo | Total préstamos | Signatura topográfica | Código de barras | Última vez visto | Ejemplar | Costo de reposición | Price effective from | Tipo de ítem | Perdido | Sistema de clasificación | Dañado | No prestable | Tipo de ítem específico | Suprimido | Ubicación habitual | Ubicación actual | Localización | Fecha de creación | Forma de adquisición |
|---|---|---|---|---|---|---|---|---|---|---|---|---|---|---|---|---|---|---|---|
| 08/05/2024 | 1 | 341.522 V287i | 100172326 | 04/12/2025 | Ej.1 | 26000.00 | 21/02/2024 | Libro | DEWEY | Libro | Claustro | Claustro | 3er piso | 21/02/2024 | Donación |